1620 1522 1440 1243 1970 1490 1340 1094 1277 1672 1338 1771 1581 1769 1767 1742 1109 1306 1380 1598 1309 1294 1007 1424 1534 1372 1158 1322 1396 1422 1548 1549 1428 1207 1404 1158 1894 1363 1841 1185 1883 1246 1701 1779 1659 1259 1364 1865 1663 1601 1878 1781 1212 1672 1930 1427 1414 1852 1241 1211 1832 1107 1280 1988 1044 1009 1347 1693 1934 1612 1221 1675 1712 1750 1157 1854 1433 1184 1934 1656 1761 1900 1456 1668 1957 1252 1318 1814 1454 1983 1526 1600 1798 1672 1958 1710 1995 1827 1200 BCNSPRNW ULIB Ver.6.0+V

เปลี่ยนเป็นภาษาไทย

Change to English
 แสดงรายละเอียดบรรณานุกรม
  กลับหน้าหลัก

Brief Record : Get Marc (ISO 2709) : E-mail record : QR code < ปิดหน้าต่าง
LEADER : 00000nam 2200000uu 4500
001    13399111284
003     ULIB
008    110622s2550||||th 000 0 tha d
020    9749757300
050  0 QA95^bส247ค 2550
100 0  มหาวิทยาลัยสุโขทัยธรรมาธิราช สาขาวิทยาการจัดการ
245 00 คณิตศาสตร์และสถิติ หน่วยที่ 7-15 /^cเขียนโดย มหาวิทยาลัยสุโขทัยธรรมาธิราช สาขาวิทยาการจัดการ
250    ฉบับปรับปรุงครั้งที่ 1
260    กรุงเทพฯ:^bมหาวิทยาลัยสุโขทัยธรรมาธิราช สาขาวิทยาการจัดการ,^c2550
650  0 คณิตศาสตร์^xสถิติ
945    ^p297^l0^i14887
945    ^p297^l0^i14886
995    กัณชพร
999 ^a ใช้งานได้ทุกระบบ
รายการนี้ยังไม่มีแท็ก
คุณยังไม่ได้ล็อกอิน คุณสามารถมีกิจกรรมร่วมกับเว็บไซต์ได้ แต่ต้องล็อกอินก่อน ::
  ล็อกอิน

รายการสื่อสารสนเทศ

ลำดับที่ ประเภท เลขเรียก/บาร์โค้ด สถานที่ สถานะ
- ไม่พบข้อมูล -

รายการใกล้เคียง
    ผู้แต่ง [มหาวิทยาลัยสุโขทัยธรรมาธิราช สาขาวิทยาการจัดการ]

BibComment


ยังไม่เคยถูกคอมเมนท์

คอมเมนท์ทรัพยากรรายการนี้
  คอมเมนท์: คณิตศาสตร์และสถิต..


 Copyright 2026. Bcnsprnw @Library